000 00379nam a2200145Ia 4500
008 241014s9999||||xx |||||||||||||| ||und||
020 _a0-9658777-5-2
100 _aMelanie, Segala
245 0 _aDisease Prevention and Treatment : the life extention foundation's
250 _a4th
260 _bLife extention Media
300 _a1666
650 _aDisease
942 _bSPH
_cBK
999 _c19282
_d19282